MARC details
| 000 -LEADER |
| fixed length control field |
01901cam a2200445 a 4500 |
| 001 - CONTROL NUMBER |
| control field |
16417714 |
| 005 - DATE AND TIME OF LATEST TRANSACTION |
| control field |
20241220125201.0 |
| 008 - FIXED-LENGTH DATA ELEMENTS--GENERAL INFORMATION |
| fixed length control field |
100814s2010 nyu 000 1 eng |
| 010 ## - LIBRARY OF CONGRESS CONTROL NUMBER |
| LC control number |
2010033810 |
| 020 ## - INTERNATIONAL STANDARD BOOK NUMBER |
| International Standard Book Number |
9780553807721 (hbk. : acidfree paper) |
| 020 ## - INTERNATIONAL STANDARD BOOK NUMBER |
| International Standard Book Number |
0553807722 (hbk. : acidfree paper) |
| 020 ## - INTERNATIONAL STANDARD BOOK NUMBER |
| Cancelled/invalid ISBN |
9780553907537 (ebook) |
| 020 ## - INTERNATIONAL STANDARD BOOK NUMBER |
| Cancelled/invalid ISBN |
0553907530 (ebook) |
| 035 ## - SYSTEM CONTROL NUMBER |
| System control number |
(OCoLC)ocn548412868 |
| 040 ## - CATALOGING SOURCE |
| Original cataloging agency |
DLC |
| Transcribing agency |
DLC |
| Modifying agency |
IG# |
| -- |
BTCTA |
| -- |
YDXCP |
| -- |
UPZ |
| -- |
HBP |
| -- |
FIR |
| -- |
MLY |
| -- |
IGP |
| -- |
CDX |
| -- |
IXA |
| -- |
KSU |
| -- |
UBY |
| -- |
DLC |
| Description conventions |
rda |
| 042 ## - AUTHENTICATION CODE |
| Authentication code |
pcc |
| 050 00 - LIBRARY OF CONGRESS CALL NUMBER |
| Classification number |
PS3561.O55 |
| Item number |
W48 2010 |
| 082 00 - DEWEY DECIMAL CLASSIFICATION NUMBER |
| Classification number |
813/.54 |
| Edition number |
22 |
| 092 ## - LOCALLY ASSIGNED DEWEY CALL NUMBER (OCLC) |
| Classification number |
F |
| 100 1# - MAIN ENTRY--PERSONAL NAME |
| Personal name |
Koontz, Dean R. |
| Fuller form of name |
(Dean Ray), |
| Dates associated with a name |
1945- |
| 9 (RLIN) |
8887 |
| 245 10 - TITLE STATEMENT |
| Title |
What the night knows : |
| Remainder of title |
a novel / |
| Statement of responsibility, etc |
Dean Koontz. |
| 250 ## - EDITION STATEMENT |
| Edition statement |
1st ed. |
| 260 ## - PUBLICATION, DISTRIBUTION, ETC. (IMPRINT) |
| Place of publication, distribution, etc |
New York : |
| Name of publisher, distributor, etc |
Bantam Books, |
| Date of publication, distribution, etc |
c2010. |
| 264 ## - Production, Publication, Distribution, Manufacture, and Copyright Notice. |
| Place of production, publication, distribution, manufacture |
New York : |
| Name of producer, publisher, distributor, manufacturer |
Bantam Books, |
| Date of production, publication, distribution, manufacture, or copyr |
c2010. |
| 300 ## - PHYSICAL DESCRIPTION |
| Extent |
442 p. ; |
| Dimensions |
25 cm. |
| 336 ## - Content Type |
| Content type term |
text |
| 337 ## - Media type |
| Media type term |
unmediated |
| 338 ## - Carrier type |
| Carrier type term |
volume |
| 500 ## - GENERAL NOTE |
| General note |
Imprint copyright date from dust jacket. |
| 520 ## - SUMMARY, ETC. |
| Summary, etc |
After Detective John Calvino receives a signed confession to a shocking crime from 14-year-old Billy Lucas, he feels that somehow Billy has come home with him, to his family. Then another killing spree happens, just as and when John Calvino dreaded it would. Billy is safely locked away, but not the "ghost", if the ghost exists, that links these murders with past crimes, and with John Calvino. Anything could happen, and surely will-- again. |
| 650 #0 - SUBJECT ADDED ENTRY--TOPICAL TERM |
| Topical term or geographic name as entry element |
Serial murders |
| Form subdivision |
Fiction. |
| 9 (RLIN) |
5678480 |
| 650 #0 - SUBJECT ADDED ENTRY--TOPICAL TERM |
| Topical term or geographic name as entry element |
Murder |
| General subdivision |
Investigation |
| Form subdivision |
Fiction. |
| 9 (RLIN) |
5673630 |
| 650 #0 - SUBJECT ADDED ENTRY--TOPICAL TERM |
| Topical term or geographic name as entry element |
Suspense fiction. |
| Source of heading or term |
gsafd |
| 650 #0 - SUBJECT ADDED ENTRY--TOPICAL TERM |
| Topical term or geographic name as entry element |
Ghost stories. |
| Source of heading or term |
gsafd |
| 655 #0 - INDEX TERM--GENRE/FORM |
| Genre/form data or focus term |
Suspense fiction, American. |
| 9 (RLIN) |
5679149 |
| 655 #0 - INDEX TERM--GENRE/FORM |
| Genre/form data or focus term |
Ghost stories, American. |
| 655 #7 - INDEX TERM--GENRE/FORM |
| Genre/form data or focus term |
Suspense fiction. |
| Source of term |
gsafd |
| 655 #7 - INDEX TERM--GENRE/FORM |
| Genre/form data or focus term |
Ghost stories. |
| Source of term |
gsafd |
| 942 ## - ADDED ENTRY ELEMENTS (KOHA) |
| Source of classification or shelving scheme |
Dewey Decimal Classification |
| Koha item type |
BOOK |